| 000 | 00643nam a22001937a 4500 | ||
|---|---|---|---|
| 005 | 20231201142254.0 | ||
| 010 | _aENG-138534 | ||
| 020 |
_c249.00 _a9789394406216 |
||
| 035 | _aEN-122066 | ||
| 037 | _bDBAD/PUB | ||
| 082 | _a574 | ||
| 100 |
_aSharma, Dr. J.P _959318 |
||
| 245 |
_aCuet : _bCommon University Entrance Test Biology / _cby Dr. J.P. Sharma {and} Dr. Hemant Roy |
||
| 260 |
_a Daryaganj _bLaxmi Publications _c2022 |
||
| 270 |
_b New Delhi _a113,Golden House, Gurudwara Road, _e110002 _k91-11-43532500 |
||
| 300 |
_a 157 ,M1- 49p. _c26cm(pbk) |
||
| 700 |
_aRoy, Dr Hemant _959319 |
||
| 942 |
_2ddc _cEN _h574 _mSHA |
||
| 999 |
_c199378 _d199378 |
||